01196nam a2200265 a 450000100060000000300080000600500170001400800410003103500190007204000350009104100080012608200250013410000310015924501820019026000710037230000420044350200770048550400290056265000740059170000490066570000400071494200130075499900170076795201460078480327BD-RjUL20220912092900.0220912s2004 bg a|||| m||| 00| 0 eng d a(BD-RjUL)80327 aBD-RjULbengcBD-RjULdBD-RjUL aeng 223a658.83bPAC 2004 aPARVIN, MOST. NARGIS9471210aConsumer Image on Bangladeshi Toiletries Products :bA Study on Beautification Items /cMOST. NARGIS PARVIN6Supervisors : Humayun Kabir Chowdhury, Co-Supervisor : Md. Amanullah aRajshahi :bDepartment of Marketing, University of Rajshahi,c2004 a[4], vii, 143 leaves :bill.;c29 cm. aThesis (M. Phil.)-- Department of Marketing, University of Rajshahi,2004 aReference : Leaves 84-95 aConsumer perferencesxToiletries ProductsvBeautification Items94713 aChowdhury, Humayun Kabir, Supervisors 94714 aAmanullah, Md. Co-Supervisor 91453 2ddccTHE c80327d80327 102ddc40718THESESaRUCLbRUCLcDoc/Thed2005-03-05eController of Exam. R.U.l0oTHE 658.83 PAC 2004pD2377r2022-09-12 00:00:00tC-1yTHE